000 00816nam a22002057a 4500
005 20240530110544.0
008 160519s2013 su a f b 000 0 ara d
017 _a1433/8757
_bالسعودية . مكتبة الملك فهد الوطنية
020 _a9786038120446
040 _aEG-CaGPL
082 0 4 _221
_a658.4012\
_bف إ
100 0 _aفاتن محمد عبدالمنعم عزازى
245 1 2 _aالادارة الاستراتيجية بين النظرية و التطبيق /
_cفاتن محمد عبدالمنعم عزازى
250 _aط. 1
260 _aالرياض :
_bدار الزهراء ،
_c2013 .
300 _a248 ص. :
_bايض؛
_c24 سم .
504 _aيشتمل على ارجاعات ببليوجرافية
650 0 4 _aالادارة الاستراتيجية
942 _2ddc
_cBK
999 _c62320
_d62320